000 00739nam a2200265Ia 4500
003 OSt
005 20220918204325.0
006 a|||||r|||| 00| 0
007 ta
008 220917b |||||||| |||| 00| 0 eng d
024 _a112,093
037 _cTextual
040 _aARTS
_cARTS
_beng
041 _2eng
_aeng
082 _aV542.N9, N3
100 _aBirmingham David
_917118
245 0 _aConcise history of Portugal
260 _aCambridge
_bCambirdge University Press
_c1993
300 _axiii, 209p.
_ccm.
490 _aCambridge concise histories
500 _aBibliography p198-199; Includes Index
650 _aHISTORY
942 _hV542.N9, N3
_cTEXL
_2CC
999 _c235442
_d235442